| 000 | 01359nam a2200277 i 4500 | ||
|---|---|---|---|
| 003 | EG-ScBUE | ||
| 005 | 20231113141519.0 | ||
| 008 | 220731s2022 u f b 000 0 ara d | ||
| 017 | _a2020 / 3321 | ||
| 020 | _a9789778556377 | ||
| 020 | _a9789996986758 | ||
| 040 |
_aEG-ScBUE _bara _erda _cEG-ScBUE _dEG-ScBUE |
||
| 082 | 0 | 4 |
_222 _a342.085 _bج م ع |
| 100 | 1 |
_aجمعة، محمد بهاء الدين صلاح، _eمؤلف. |
|
| 245 | 1 | 2 |
_aالأحكام القانونية والشرعية للتحكم المسبق في جنس الجنين البشري : _bدراسة مقارنة / _cدكتور محمد بهاء الدين صلاح جمعة، دكتوراه القانون المدني والشريعة الإسلامية، كلية الحقوق، جامعة القاهرة. |
| 264 | 1 |
_aالإسكندرية، مصر : _bالمركز الأكاديمي للنشر : _bمكتبة الدراسات العربية للنشر والتوزيع، _c2022. |
|
| 300 |
_a148 صفحة ؛ _c24 سم |
||
| 336 |
_2rdacontent _aنص _btxt |
||
| 337 |
_2rdamedia _aبدون وسيط _bn |
||
| 338 |
_2rdacarrier _aمجلد _bnc |
||
| 504 | _aيشتمل على إرجاعات ببليوجرافية. | ||
| 541 |
_cتزويد ؛ _aد. أحمد فؤاد. |
||
| 650 | 7 |
_aالأجنة _xقوانين وتشريعات. _2BUEsh |
|
| 655 | _vReading book | ||
| 942 | _2ddc | ||
| 999 |
_c30608 _d30579 |
||